Bankrupting nature : (Registro nro. 8979)
[ vista simple ]
| 000 -CABECERA | |
|---|---|
| Campo de control | 01157nam a22002537a 4500 |
| 005 - FECHA Y HORA DE LA ULTIMA TRANSACCION | |
| Campo de control | 20150204020003.0 |
| 008 - ELEMENTOS DE LONGITUD FIJA—INFORMACION GENERAL | |
| Campo de control | 15115 s2012 sw a b 000 0 eng |
| 020 ## - ISBN | |
| ISBN | 9789173290425 |
| 040 ## - FUENTE DE CATALOGACIÓN | |
| Agencia catalogadora original | DLC |
| Agencia transcriptora | DLC |
| Agencia Modificadora | Co-BoIAvH |
| 041 ## - IDIOMA | |
| Código de idioma para texto/pista de sonido o título separado | Español |
| 044 ## - PAÍS DE PUBLICACIÓN | |
| País de publicación | Estados Unidos |
| 082 ## - NUMERO DE CLASIFICACION DECIMAL DEWEY | |
| Número de clasificación | 304.2 |
| Número del ítem | W66b |
| 100 1# - ASIENTO PRINCIPAL--NOMBRE PERSONAL | |
| Nombre personal | Rockstrom, Johan. |
| 245 14 - MENCION DE TITULO | |
| Título | Bankrupting nature : |
| Parte restante del título | denying our planetary boundaries / |
| Mención de responsabilidad | Johan Rockstrom and Anders Wijkman. |
| 260 ## - PUBLICACION, DISTRIBUCION, ETC. (PIE DE IMPRENTA) | |
| Lugar de publicación, distribución, etc. | Estocolmo : |
| Nombre del editor, distribuidor, etc. | Medstroms Bokforlag, |
| Fecha de publicación, distribución, etc. | 2012. |
| 300 ## - DESCRIPCION FISICA | |
| Extensión | 206 p. |
| Dimensiones | 23 cm |
| 504 ## - NOTA DE BIBLIOGRAFIA, ETC. | |
| Nota de bibliografía | Includes bibliographical references (pag. 187-191), e índice. |
| 520 ## - NOTA DE RESUMEN, ETC. | |
| Nota de resumen | Este no es un libro sobre el cambio climático. El hecho es que el cambio climático es sólo un síntoma de lo que es tan terrible mal con la forma en que el mundo se está quedando sus asuntos. El libro describe los signos y la forma en que las cosas han salido, porque nos negamos a reparar nuestra relación con el planeta tierra |
| 650 #0 - ASIENTO SECUNDARIO DE MATERIA - TERMINO TEMATICO | |
| Término temático o nombre geográfico como elemento de entrada | Global environmental change |
| 650 #0 - ASIENTO SECUNDARIO DE MATERIA - TERMINO TEMATICO | |
| Término temático o nombre geográfico como elemento de entrada | Environmental policy. |
| 650 #0 - ASIENTO SECUNDARIO DE MATERIA - TERMINO TEMATICO | |
| Término temático o nombre geográfico como elemento de entrada | Environmental protection |
| 700 1# - ASIENTO SECUNDARIO - NOMBRE PERSONAL | |
| Nombre personal | Wijkman, Anders, |
| Fechas asociadas con el nombre | 1944- |
| 942 ## - ELEMENTOS ADICIONALES (KOHA) | |
| Sistema de clasificación | Dewey Decimal Classification |
| Tipo de ítem | Libro |
| Koha issues (borrowed), all copies | 1 |
| Withdrawn status | Lost status | Sistema de Clasificación | Damaged status | No para préstamo | Colección | Inventariado | Ubicación Permanente | Ubicación actual | Fecha de adquisición | Fuente de Valor | Valor | Total Checkouts | Número topográfico | Inventario / Código de Barras | Date last seen | Date checked out | Ejemplar | Price effective from | Forma de adquisición | Tipo de material |
|---|---|---|---|---|---|---|---|---|---|---|---|---|---|---|---|---|---|---|---|---|
| Dewey Decimal Classification | General | Inventariado 2017 | Bogotá | Bogotá | 15/01/2015 | Instituto | 39000.00 | 1 | LB-304.2 W66b | 038476 | 07/07/2015 | 03/02/2015 | Ej. 1 | 15/01/2015 | Compra | Libro |